Metals and engineering industry : lathe work - turning operations.

Uloženo v:
Podrobná bibliografie
Korporativní autor: Australian Training Products Ltd
Médium: Kniha
Jazyk:English
Vydáno: Melbourne, Vic. : Australian Training Products, 1999.
Edice:Basic training manual
Témata:
LEADER 01438cam a2200385 i 4500
001 c000406058
003 CARM
005 20200813141339.0
008 200813s1999 vraa f 000 0 eng d
019 1 |a 23197661  |z 48878093  |z 53693240  |5 LACONCORD2021 
035 |a (OCoLC)223219759  |5 LACONCORD2021 
040 |a VVUT  |b eng  |c VVUT 
042 |a anuc 
082 0 4 |a 621.942 
245 0 0 |a Metals and engineering industry :  |b lathe work - turning operations. 
246 3 0 |a Lathe work - turning operations 
264 1 |a Melbourne, Vic. :  |b Australian Training Products,  |c 1999. 
300 |a x, 160 p. :  |b ill. ;  |c 30 cm. 
336 |a text  |b txt  |2 rdacontent 
336 |a still image  |b sti  |2 rdacontent 
337 |a unmediated  |b n  |2 rdamedia 
338 |a volume  |b nc  |2 rdacarrier 
490 1 |a Basic training manual 
500 |a Stockcode: TM1010. 
650 0 |a Turning  |x Handbooks, manuals, etc. 
650 0 |a Turning (Lathe work)  |x Handbooks, manuals, etc. 
650 0 |a Lathes  |x Handbooks, manuals, etc. 
650 0 0 |a Lathing  |x Study and teaching. 
650 0 0 |a Machining  |x Study and teaching. 
650 0 0 |a Turning  |x Study and teaching. 
710 2 |a Australian Training Products Ltd. 
852 8 |b CARM  |i F11048  |p 0658710  |f BK 
830 0 |a Basic training manual 
999 f f |i 3e60a734-74ae-59b2-a036-c1057afb334c  |s 709cb23c-bc0a-5f5c-8d3e-5f9e8581e226 
952 f f |p Can circulate  |a CAVAL  |b CAVAL  |c CAVAL  |d CARM 1 Store  |e F11048  |h Other scheme  |i book  |m 0658710